000 01310nam a2200361 c 4500
001 60780
003 CO-BoRNBP
005 20260318132105.0
007 ta
008 221201s2022 ck a ar 000 p spa d
020 _a9789585302365
040 _aCO-BoRNBP
_bspa
_erda
_cCO-BoRNBP
041 0 _aspa
043 _as-ck---
084 _aP
100 1 _aCarvajal, Lizardo,
_d1979-
_eaut
245 1 4 _aLos ingeniosos mecanismos de Jerónimo Della Testa /
_ctextos e ilustraciones Lizardo Carvajal.
250 _aEdición especial
264 1 _aBogotá, Colombia :
_bLuaBooks,
_c2022
300 _a37 páginas sin numerar :
_bilustraciones a color
336 _atexto
_btxt
_2rdacontent
337 _asin mediación
_bn
_2rdamedia
338 _avolumen
_bnc
_2rdacarrier
490 0 _aColección Juego de palabras
490 0 _aPlan Nacional de Lectura y Escritura Leer es mi Cuento / Ministerio de Cultura
521 _aRecomendado para público infantil mayor de 6 años
545 _aIncluye datos biográficos del autor al final del texto
650 1 7 _aConservación de los bosques en la literatura
_2rnbp
_9944
650 0 7 _aInventos en la literatura
_2rnbp
_9945
650 1 7 _aPoesía infantil colombiana
_2rnbp
_9943
650 1 7 _aLiteratura infantil colombiana
_2rnbp
_934
942 _2loc
_cBKLITI
999 _c60780
_d60780